000 00916nam a2200265 a 4500
001 000006757
005 20250423140401.0
008 090902s1994 dr 000 0 spa d
040 _aDO-SdBNP
_bspa
_cBNPHU
082 _a306.461
_bD542a
100 1 _aDíaz, José
_99448
245 1 0 _aAlgo mas que salud /
_cJosé Díaz.
260 _aSanto Domingo :
_bAMD,
_c1994.
300 _a150 p. ;
_c21 cm.
490 1 _aAMD Centenaria
_v5
500 _aIncluye datos biográficos del autor en la contracubierta
590 _aInventariado,2018/DG
650 4 _aMedicina social
_vENSAYOS, CONFERENCIAS, ETC.
_918805
650 0 _aEnsayos dominicanos
_965
650 4 _aDiarios dominicanos
_vSECCIONES, COLUMNAS, ETC.
_918806
710 2 _aAsociación Médica Dominicana
_916565
710 0 _aEl Nacional (República Dominicana)
_918807
830 1 _aAMD Centenaria
_v5
_918808
910 _aValidado. Control de calidad EMS.
999 _c6545
_d6545